Online
Catalog

Repertorium biblicum medii aevi. / (Record no. 36858)

MARC details
000 -CABECERA
campo de control de longitud fija 00752nam a2200169 a 4500
001 - NÚMERO DE CONTROL
campo de control 000037368
005 - FECHA Y HORA DE LA ÚLTIMA TRANSACCIÓN
campo de control 20200930080325.0
008 - DATOS DE LONGITUD FIJA--INFORMACIÓN GENERAL
campo de control de longitud fija 120328s1981 sp 000 0 spa d
020 ## - NÚMERO INTERNACIONAL ESTÁNDAR DEL LIBRO
Número Internacional Estándar del Libro 840004769
040 ## - FUENTE DE LA CATALOGACIÓN
Centro catalogador/agencia de origen DO-SdBNP
Lengua de catalogación spa
Centro/agencia transcriptor BNPHU
245 00 - MENCIÓN DE TÍTULO
Título Repertorium biblicum medii aevi. /
Mención de responsabilidad, etc. collegit disposuit edidit Fridericus Stegmüller.
260 ## - PUBLICACIÓN, DISTRIBUCIÓN, ETC.
Lugar de publicación, distribución, etc. Madrid :
Nombre del editor, distribuidor, etc. CSIC,
Fecha de publicación, distribución, etc. 1981.
300 ## - DESCRIPCIÓN FÍSICA
Extensión v. (581) p. ;
Dimensiones 25 cm.
505 2# - NOTA DE CONTENIDO CON FORMATO
Nota de contenido con formato v. 2
Título Commentaria autores A-G
Información miscelánea v. 3
Título Commentaria auctores H-M
Información miscelánea v. 4
Título Commentaria autores N-Q
Información miscelánea v. 7
Título Anonyma P-Z
Información miscelánea v. 9
Título Suplementi altera pars Glossa ordinaria
Información miscelánea v. 10
Título Initia Graeca
-- Initia Latina A-K
700 1# - PUNTO DE ACCESO ADICIONAL--NOMBRE DE PERSONA
Nombre de persona Stegmüller, Friedrich,
Término indicativo de función/relación ed.
9 (RLIN) 63833
710 2# - PUNTO DE ACCESO ADICIONAL--NOMBRE DE ENTIDAD CORPORATIVA
Nombre de entidad corporativa o nombre de jurisdicción como elemento de entrada Consejo Superior de Investigaciones Científicas, (España)
9 (RLIN) 63834
Holdings
Estado de retiro Estado de pérdida Restricciones de uso No para préstamo Código de colección Localización permanente Ubicación/localización actual Ubicación en estantería Fecha de adquisición Número de inventario Total de préstamos Signatura topográfica completa Código de barras Fecha visto por última vez Precio válido a partir de Tipo de ítem Koha
      Excluido de préstamo Monografías: Libros y Folletos General General Depósito 28.03.2012 LF1   v. 2 37368-10 25.06.2020 25.06.2020 No se presta
      Excluido de préstamo Monografías: Libros y Folletos General General Depósito 29.10.2013 LF1   v. 3 37368-20 25.06.2020 25.06.2020 No se presta
      Excluido de préstamo Monografías: Libros y Folletos General General Depósito 29.10.2013 LF1   v. 4 37368-30 25.06.2020 25.06.2020 No se presta
      Excluido de préstamo Monografías: Libros y Folletos General General Depósito 29.10.2013 LF1   v. 7 37368-40 25.06.2020 25.06.2020 No se presta
      Excluido de préstamo Monografías: Libros y Folletos General General Depósito 29.10.2013 LF1   v. 9 37368-50 25.06.2020 25.06.2020 No se presta
      Excluido de préstamo Monografías: Libros y Folletos General General Depósito 18.03.2014 LF1   v. 10 37368-60 25.06.2020 25.06.2020 No se presta

Powered by Koha